Clockwork, or all wound up / (Record no. 1253)

MARC details
000 -LEADER
fixed length control field 01127cam a2200313 a 4500
005 - DATE AND TIME OF LATEST TRANSACTION
control field 20230815131144.0
020 ## - INTERNATIONAL STANDARD BOOK NUMBER
International Standard Book Number 0590129996 (hc)
020 ## - INTERNATIONAL STANDARD BOOK NUMBER
International Standard Book Number 0590129988 (pb)
040 ## - CATALOGING SOURCE
Original cataloging agency DLC
Transcribing agency DLC
Modifying agency DLC
050 00 - LIBRARY OF CONGRESS CALL NUMBER
Classification number PZ7.P968
Item number Cl 1996
082 00 - DEWEY DECIMAL CLASSIFICATION NUMBER
Classification number [Fic]
Edition number 21
100 1# - MAIN ENTRY--PERSONAL NAME
Personal name Pullman, Philip
Dates associated with a name 1946-
245 10 - TITLE STATEMENT
Title Clockwork, or all wound up /
Statement of responsibility, etc. Philip Pullman ; with illustrations by Leonid Gore.
250 ## - EDITION STATEMENT
Edition statement First Scholastic After Words printing, June 2006
260 ## - PUBLICATION, DISTRIBUTION, ETC.
Place of publication, distribution, etc. New York :
Name of publisher, distributor, etc. Scholastic,
Date of publication, distribution, etc. 1996
300 ## - PHYSICAL DESCRIPTION
Extent 106 pages :
Other physical details Illustrations
Dimensions 20 cm
505 ## - FORMATTED CONTENTS NOTE
Formatted contents note W <br/>
520 ## - SUMMARY, ETC.
Summary, etc. Long ago in Germany, a storyteller's story and an apprentice clockwork-maker's nightmare meet in a menacing, lifelike figure created by the strange Dr. Kalmenius.
521 ## - TARGET AUDIENCE NOTE
Target audience note 860 <br/>
Source Lexile <br/>
521 ## - TARGET AUDIENCE NOTE
Target audience note W <br/>
Source Raz-Plus <br/>
650 #1 - SUBJECT ADDED ENTRY--TOPICAL TERM
Topical term or geographic name entry element Supernatural
General subdivision Fiction.
650 #1 - SUBJECT ADDED ENTRY--TOPICAL TERM
Topical term or geographic name entry element Clock and watch makers
General subdivision Fiction.
650 #1 - SUBJECT ADDED ENTRY--TOPICAL TERM
Topical term or geographic name entry element Storytellers
General subdivision Fiction.
700 1# - ADDED ENTRY--PERSONAL NAME
Personal name Gore, Leonid
Relator term Illustrator
906 ## - LOCAL DATA ELEMENT F, LDF (RLIN)
a 7
b cbc
c orignew
d 1
e ocip
f 19
g y-gencatlg
942 ## - ADDED ENTRY ELEMENTS (KOHA)
Source of classification or shelving scheme Dewey Decimal Classification
Koha item type Books
Suppress in OPAC No
999 ## -
-- 1253
-- 1253
Holdings
Withdrawn status Lost status Source of classification or shelving scheme Damaged status Not for loan Collection Home library Current library Shelving location Date acquired Total Checkouts Full call number Barcode Date last seen Price effective from Koha item type
    Dewey Decimal Classification     Fiction Footprints International School Library Network Toul Kork Campus Footprints International School Library Network Toul Kork Campus TTP Secondary Fiction Bookshelves 08/09/2023   PUL Fic PZ7.P968 FISSE00173 08/09/2023 08/09/2023 Books